00496 2200181 4500001002100000005001500021008004100036020001700077035001900094041000600113082001200119090001800131100001200149245007000161260004000231300002600271650001700297INLIS00000000000642820220310122515220310||||||||| | ||| |||| ||  a979-508637-5 0010-0322001204 ai0 a636.085 a636.085 ACH m0 aAchmanu00aMetode Determinasi Nilai Energi Metabolis Bahan Pakan Pada Unggas aMalangbUniversitas Brawijayac1997 a48 hlm.; 15,5 x 24 cm 0aPakan Ternak